Silly name for a monster / (Record no. 8314)
[ view plain ]
| 000 -LEADER | |
|---|---|
| fixed length control field | 01228nam a22002657a 4500 |
| 001 - CONTROL NUMBER | |
| control field | 8314 |
| 003 - CONTROL NUMBER IDENTIFIER | |
| control field | FISKH |
| 005 - DATE AND TIME OF LATEST TRANSACTION | |
| control field | 20250909084136.0 |
| 008 - FIXED-LENGTH DATA ELEMENTS--GENERAL INFORMATION | |
| fixed length control field | 250909b cb ||||| |||| 00| 0 eng d |
| 020 ## - INTERNATIONAL STANDARD BOOK NUMBER | |
| International Standard Book Number | 9781407144085 |
| 040 ## - CATALOGING SOURCE | |
| Original cataloging agency | FISKH |
| Language of cataloging | eng |
| Transcribing agency | FISKH |
| Modifying agency | FISKH |
| 082 ## - DEWEY DECIMAL CLASSIFICATION NUMBER | |
| Classification number | 823.92 |
| 100 ## - MAIN ENTRY--PERSONAL NAME | |
| Personal name | Knapman, Timothy |
| 245 ## - TITLE STATEMENT | |
| Title | Silly name for a monster / |
| Statement of responsibility, etc. | By Timothy Knapman |
| 260 ## - PUBLICATION, DISTRIBUTION, ETC. | |
| Place of publication, distribution, etc. | New York : |
| Name of publisher, distributor, etc. | Scholastic , |
| Date of publication, distribution, etc. | 2014. |
| 300 ## - PHYSICAL DESCRIPTION | |
| Extent | 44 pages : |
| Other physical details | color illustrations ; |
| Dimensions | 19 cm . |
| 490 ## - SERIES STATEMENT | |
| Series statement | Little Red Robin |
| 505 ## - FORMATTED CONTENTS NOTE | |
| Formatted contents note | K <br/> |
| 520 ## - SUMMARY, ETC. | |
| Summary, etc. | Get ready to read! LITTLE RED ROBINS are ideal for sharing and reading together. Full colour illustrations throughout. Once upon a time if you wanted to be a hero, you had to have a proper, hero-sounding name. And if you wanted to be a big scary monster, it was no good unless your name was big and scary too. But when all the proper-sounding heroes can't defeat the most menacing monster in the kingdom, the king offers his whole kingdom to whoever can beat it. Could Stinkpot succeed? Even with such a silly name? |
| 521 8# - TARGET AUDIENCE NOTE | |
| Target audience note | 510 <br/> |
| Source | Lexile estimate <br/> |
| 521 8# - TARGET AUDIENCE NOTE | |
| Target audience note | K <br/> |
| Source | Raz-Plus <br/> |
| 700 ## - ADDED ENTRY--PERSONAL NAME | |
| Personal name | May, Steve |
| Relator term | Illustrator |
| 942 ## - ADDED ENTRY ELEMENTS (KOHA) | |
| Source of classification or shelving scheme | Dewey Decimal Classification |
| Koha item type | Books |
| Suppress in OPAC | No |
| Withdrawn status | Lost status | Source of classification or shelving scheme | Damaged status | Not for loan | Collection | Home library | Current library | Shelving location | Date acquired | Total Checkouts | Full call number | Barcode | Date last seen | Copy number | Price effective from | Koha item type |
|---|---|---|---|---|---|---|---|---|---|---|---|---|---|---|---|---|
| Dewey Decimal Classification | Juvenile Fiction | Footprints International School Library Network Toul Tom Poung Campus | Footprints International School Library Network Toul Tom Poung Campus | TTP Primary Yellow Bookshelves | 09/09/2025 | KNA 823.92 | FISBK072840 | 09/09/2025 | 1 | 09/09/2025 | Books | |||||
| Dewey Decimal Classification | Juvenile Fiction | Footprints International School Library Network Toul Tom Poung Campus | Footprints International School Library Network Toul Tom Poung Campus | TTP Primary Yellow Bookshelves | 09/09/2025 | KNA 823.92 | FISBK00755 | 09/09/2025 | 2 | 09/09/2025 | Books |
